00477nam a2200157Ia 4500003000900000008004100009020001800050040001600068080001600084100001800100245010000118260004000218300001400258650002200272650002500294IN-BaIIA211028s9999 xx 000 0 eng d a0-7503-0346-8 cIIA Library a535.33bKIT aKitchin, C. R 0aOptical astronomical spectroscopycC. R. Kitchin  aBristolbInstitute of Physicsc1995 axi, 272p. aOptical astronomy aOptics, Spectroscopy